| 000 | 00450nam a22001457a 4500 | ||
|---|---|---|---|
| 020 | _a9786277523053 | ||
| 082 |
_a297.77 _bUSM |
||
| 100 | _aMalik Muhammad Usman | ||
| 245 |
_aSharah Hakayat e Usmani Vol-1 _cMalik Muhammad Usman |
||
| 260 |
_aRawalpindi _bDarul Hikmatul khalidia _c2023 |
||
| 300 | _a168p | ||
| 563 | _aH.B | ||
| 650 |
_aIslam--Study and teaching, Islamic religious education, Muslims--Education _9113870 |
||
| 942 |
_2ddc _cBK |
||
| 999 |
_c595317 _d595317 |
||